000 00523nam a22002057a 4500
003 OSt
005 20140310182950.0
008 130206t xxu||||| |||| 00| 0 eng d
020 _a9712339076
050 _aLB 1051
_b.R311 2004
100 _aRecto, Angel S.
245 _aPilosopiya ng edukasyon /
_cAngel S. Recto.
260 _aManila :
_bRex Book Store,
_c2004.
300 _a130 p. :
_c22 cm.
521 _aEDU
650 _aEducation
_xPhilosophy
942 _2lcc
_cBK
_kLOC
999 _c17879
_d17879